C'est quoi le feat 2 - Rap Français - Statistiques

Statistiques générales
  • Ce quiz a été pris 866 fois
  • Le résultat moyen est 18 sur 40
Statistiques - réponses
Titre Rappeur % Correct
Jul
97%
Dors on te piétine Jul
97%
Ninho
91%
Ninho
91%
Distant Maes
86%
Maes
86%
Numérologie Freeze Corleone
79%
Freeze Corleone
79%
Rap catéchisme Freeze Corleone
79%
Dans l'espace Gambi
72%
A.W.A Lacrim
71%
Heuss l’enfoiré
66%
Alpha Wann
65%
Omar Koba LaD
49%
D'or et de platine Gradur
48%
Niska
45%
French Montana
44%
PLK
44%
Nounou Da Uzi
41%
27 Da Uzi
41%
Gazo
41%
Bucci Night Yaro
37%
Tu paniques Kalash Criminel
36%
Leto
31%
Stavo
31%
RK
27%
Alonzo
26%
DDD Soso maness
22%
Timal
20%
Hornet la frappe
18%
Violet Uzi
17%
Alien Rim'k
16%
Pas pareil YL
16%
Tout Doux Bang'zs Guizmo
11%
Fresh laDouille
10%
Junior Bvndo
9%
Cash N Kush Junior Bvndo
9%
Parano Sasso
9%
L'Allemand
8%
Dans nos blocks Malty 2BZ
8%
Aucun quiz correspondant
Distribution des résultats
% des personnes avec chaque résultat
Percentile par nombre de réponses
Votre historique - résultats
Vous n’avez pas pris ce quiz